| 000 | 00852pam a2200265 a 4500 | ||
|---|---|---|---|
| 001 | 2928927 | ||
| 003 | OSt | ||
| 005 | 20230621163037.0 | ||
| 008 | 891215s1989 enk b 001 0 eng | ||
| 010 | _a 89071457 | ||
| 020 |
_a1855210428 : _c$55.00 (U.S.) |
||
| 020 |
_z085521055X (pbk.) : _c$18.00 (U.S.) |
||
| 040 |
_aDLC _cDLC _dDLC |
||
| 050 | 0 | 0 |
_aJF501 _b.L38 1989 |
| 082 | 0 | 0 |
_a328.3/09 _220 _bLAU |
| 100 | 1 |
_aLaundy, Philip, _d1924- |
|
| 245 | 1 | 0 |
_aParliaments in the modern world / _cPhilip Laundy. |
| 260 |
_aAldershot, Hants : _bDartmouth ; _aBrookfield, Vt., USA : _bGower Pub. Co., _cc1989. |
||
| 300 |
_axiv, 166 p. ; _c24 cm. |
||
| 504 | _aIncludes bibliographical references and index. | ||
| 650 | 0 | _aLegislative bodies. | |
| 650 | 0 | _aComparative government. | |
| 906 |
_a7 _bcbc _corignew _d1 _eopcn _f19 _gy-gencatlg |
||
| 942 |
_2ddc _cBK |
||
| 999 |
_c2304 _d2304 |
||